Porty lotnicze w Polsce - nagła śmierć - Statystyki

Ogólne statystyki
  • Ten quiz został rozwiązany 1 558 razy
    700 od ostatniego zresetowania
  • Średni wynik to 8 z 15
Answers on the Grid
Answers color-coded by a green-red scale on the quiz's grid according to % correct below.
Gdańsk-Rębiechowo
Poznań-Ławica
Kraków-Balice
Warszawa-Modlin
Warszawa-Okęcie
Warszawa-Radom
Lublin-Świdnik
Katowice-Pyrzowice
Rzeszów-Jasionka
Szczecin-Goleniów
Zielona Góra-Babimost
Łódź-Lublinek
Bydgoszcz-Szwederowo
Olsztyn-Mazury
Wrocław-Strachowice
Opole-Lędziny
Gdańsk-Żukowo
Warszawa-Marki
Poznań-Luboń
Szczecin-Gryfino
Lublin-Łęczna
Kraków-Wieliczka
Wrocław-Oława
Toruń-Złotoria
Białystok-Choroszcz
Rzeszów-Łańcut
Kielce-Bilcza
Radom-Lasowice
 
Statystyki odpowiedzi
Odpowiedź % Poprawnych
Warszawa-Okęcie
82%
Warszawa-Modlin
80%
Kraków-Balice
75%
Katowice-Pyrzowice
68%
Warszawa-Radom
64%
Poznań-Ławica
59%
Rzeszów-Jasionka
56%
Szczecin-Goleniów
48%
Gdańsk-Rębiechowo
47%
Zielona Góra-Babimost
43%
Wrocław-Strachowice
40%
Olsztyn-Mazury
37%
Bydgoszcz-Szwederowo
33%
Łódź-Lublinek
33%
Lublin-Świdnik
31%
Nie znaleziono quizów pasujących do podanych kryteriów
Rozkład punktacji
Procent ludzi z każdym wynikiem
Percentyl według liczby udzielonych odpowiedzi
Twoja historia wyników
Nie rozwiązałeś tego quizu od ostatniego zresetowania